[Event "7th Sharjah Masters 2024"]
[Site "Sharjah UAE"]
[Date "2024.05.15"]
[Round "2.5"]
[White "Muradli, Mahammad"]
[Black "Aravindh, Chithambaram VR."]
[Result "0-1"]
[WhiteTitle "GM"]
[BlackTitle "GM"]
[WhiteElo "2561"]
[BlackElo "2671"]
[WhiteFideId "13409301"]
[BlackFideId "5072786"]
[EventDate "2024.05.14"]

1. Nf3 Nf6 2. c4 e6 3. Nc3 Bb4 4. g3 b6 5. Bg2 Bb7 6. Qc2 O-O 7. O-O Re8 8. a3
Bxc3 9. Qxc3 d5 10. d3 c5 11. b3 Nbd7 12. e3 e5 13. cxd5 Nxd5 14. Qc2 N5f6 15.
Bb2 e4 16. Ne1 exd3 17. Nxd3 Bxg2 18. Kxg2 Qc7 19. Rfe1 Rac8 20. Rac1 b5 21. f3
c4 22. bxc4 bxc4 23. Nf4 Ne5 24. e4 g5 25. Nh3 g4 26. fxg4 Nexg4 27. Qd2 Nxe4
28. Rxe4 Rxe4 29. Qg5+ Kf8 30. Nf4 Qb7 31. Qg7+ Ke8 32. Qg8+ Ke7 33. Qg5+ Kd6
34. Kh3 Nf2+ 35. Kh4 Qxb2 36. Rf1 Qe5 37. Qh6+ Qe6 0-1

[Event "7th Sharjah Masters 2024"]
[Site "Sharjah UAE"]
[Date "2024.05.15"]
[Round "2.6"]
[White "Kacharava, Nikolozi"]
[Black "Nguyen, Thai Dai Van"]
[Result "1/2-1/2"]
[WhiteTitle "GM"]
[BlackTitle "GM"]
[WhiteElo "2527"]
[BlackElo "2650"]
[WhiteFideId "13611860"]
[BlackFideId "358878"]
[EventDate "2024.05.14"]

1. e4 e5 2. Nf3 Nc6 3. Bb5 Nf6 4. Nc3 Bd6 5. d3 O-O 6. Ba4 Re8 7. Bg5 h6 8. Bxf6
Qxf6 9. Nd5 Qd8 10. c3 Ne7 11. Ne3 c6 12. d4 exd4 13. Qxd4 Bf4 14. O-O Bxe3 15.
Qxe3 d5 16. e5 Qb6 17. Qxb6 axb6 18. Bc2 Bf5 19. Bxf5 Nxf5 20. Nd4 Nxd4 21. cxd4
Ra4 22. Rfd1 f6 23. f4 fxe5 24. fxe5 Kf7 25. Rd3 Ke6 26. b3 Ra3 27. Rg3 Re7 28.
Kf2 b5 29. Ke3 b4 30. h4 Ra8 31. h5 1/2-1/2

[Event "7th Sharjah Masters 2024"]
[Site "Sharjah UAE"]
[Date "2024.05.15"]
[Round "2.8"]
[White "Murzin, Volodar"]
[Black "Iniyan, Pa"]
[Result "1-0"]
[WhiteTitle "GM"]
[BlackTitle "GM"]
[WhiteElo "2634"]
[BlackElo "2497"]
[WhiteFideId "44155573"]
[BlackFideId "25002767"]
[EventDate "2024.05.14"]

1. d4 d5 2. Nf3 Nf6 3. c4 c6 4. Nc3 e6 5. e3 Nbd7 6. Qc2 b6 7. cxd5 cxd5 8. Nb5
Bb4+ 9. Bd2 Bxd2+ 10. Nxd2 O-O 11. Rc1 a6 12. Nd6 b5 13. Qc7 Nb6 14. b3 Qxc7 15.
Rxc7 Ne8 16. Nxe8 Rxe8 17. Bd3 f6 18. Ke2 e5 19. dxe5 fxe5 20. e4 Be6 21. Rhc1
dxe4 22. Bxe4 Nd5 23. Bxd5 Bxd5 24. g3 Bf7 25. Rd7 Be6 26. Rd6 a5 27. Rb6 a4 28.
Rxb5 axb3 29. axb3 Ra2 30. Ke3 Rd8 31. Ne4 Rb2 32. Rc3 Rb1 33. f3 h6 34. g4 Re1+
35. Kf2 Rb1 36. Rxe5 Bxb3 37. Re7 Rf8 38. Nd6 Bd5 39. Nf5 Rf7 40. Re8+ Kh7 41.
h4 h5 42. Rcc8 Bxf3 43. Kxf3 Rb4 44. Rh8+ Kg6 45. Rc6+ Rf6 46. Rxf6+ Kxf6 47.
Rxh5 g6 48. Ne3 1-0

[Event "7th Sharjah Masters 2024"]
[Site "Sharjah UAE"]
[Date "2024.05.15"]
[Round "2.10"]
[White "Maghsoodloo, Parham"]
[Black "Sethuraman, S.P."]
[Result "1-0"]
[WhiteTitle "GM"]
[BlackTitle "GM"]
[WhiteElo "2733"]
[BlackElo "2593"]
[WhiteFideId "12539929"]
[BlackFideId "5021596"]
[EventDate "2024.05.14"]

1. Nf3 Nf6 2. g3 c5 3. Bg2 Nc6 4. O-O e5 5. e4 d6 6. d3 g6 7. c4 h5 8. Nc3 Bg4
9. Bg5 Be7 10. Qd2 Bxf3 11. Bxf3 Nd5 12. Bxe7 Ndxe7 13. Bd1 h4 14. g4 Qd7 15. h3
Kf8 16. Ba4 Qe6 17. Bxc6 bxc6 18. f4 exf4 19. Qxf4 Kg7 20. g5 Rh5 21. Qf6+ Kg8
22. Kh2 Rd8 23. Qxe6 fxe6 24. Rf6 e5 25. Rg1 Kg7 26. Rgf1 Kg8 27. Nd1 Rxg5 28.
Ne3 Rh5 29. Ng4 Rh7 30. Re6 Rg7 31. Rff6 Nc8 32. Rxg6 Rxg6 33. Rxg6+ Kf7 34. Rh6
Kg7 35. Rxh4 Rf8 36. Ne3 Rf2+ 37. Kg1 Rxb2 38. Nf5+ Kg8 39. Rg4+ Kf8 40. h4 Ne7
41. Nxd6 Rxa2 42. h5 Rd2 43. Rg3 Ng8 44. Nf5 a5 45. h6 Nf6 46. Rg6 Rd1+ 47. Kf2
Kf7 48. Rg7+ Kf8 49. Ke2 Rh1 50. Ra7 a4 51. Rxa4 Ng4 52. Ra8+ Kf7 53. Ra7+ Kf6
54. h7 Rh3 55. Kf1 Rh2 56. Kg1 Rh5 57. Kg2 Nh2 58. Rg7 Nf1 59. Rg8 1-0

[Event "7th Sharjah Masters 2024"]
[Site "Sharjah UAE"]
[Date "2024.05.15"]
[Round "2.11"]
[White "Moroni, Luca Jr"]
[Black "Yu, Yangyi"]
[Result "0-1"]
[WhiteTitle "GM"]
[BlackTitle "GM"]
[WhiteElo "2581"]
[BlackElo "2729"]
[WhiteFideId "865834"]
[BlackFideId "8603820"]
[EventDate "2024.05.14"]

1. Nf3 Nf6 2. c4 e6 3. g3 b6 4. Bg2 Bb7 5. O-O c5 6. Nc3 Be7 7. d4 cxd4 8. Qxd4
O-O 9. Rd1 Nc6 10. Qd2 a6 11. b3 Qc7 12. Bb2 d6 13. Rac1 Na7 14. Qd4 Rad8 15. e4
Nc6 16. Qe3 Ne5 17. Nd4 Rfe8 18. h3 Bf8 19. f4 Ng6 20. Qf2 Qb8 21. Kh1 Ba8 22.
Re1 Rc8 23. Rcd1 h5 24. a4 Rc5 25. Ba3 Rc7 26. Nf3 b5 27. axb5 axb5 28. f5 exf5
29. exf5 Bxf3 30. Bxf3 Rxe1+ 31. Rxe1 Ne5 32. Nxb5 Nd3 33. Qf1 Nxe1 34. Qxe1 Re7
35. Qd2 Ne4 36. Qg2 d5 37. Bxe7 Nxg3+ 38. Kg1 Bxe7 39. Qf2 dxc4 40. bxc4 Qe5 41.
Bd5 Nxf5 42. Nc3 Bh4 43. Qd2 Be1 0-1

[Event "7th Sharjah Masters 2024"]
[Site "Sharjah UAE"]
[Date "2024.05.15"]
[Round "2.12"]
[White "Radjabov, Teimour"]
[Black "Vokhidov, Shamsiddin"]
[Result "1/2-1/2"]
[WhiteTitle "GM"]
[BlackTitle "GM"]
[WhiteElo "2723"]
[BlackElo "2592"]
[WhiteFideId "13400924"]
[BlackFideId "14204223"]
[EventDate "2024.05.14"]

1. e4 c5 2. Nf3 e6 3. d4 cxd4 4. Nxd4 Nc6 5. Nc3 Qc7 6. Be2 Nf6 7. Ndb5 Qb8 8.
f4 d6 9. g4 a6 10. Nd4 d5 11. exd5 exd5 12. g5 Ne4 13. Nxe4 dxe4 14. Be3 Bd7 15.
Qd2 Qc7 16. Nxc6 Qxc6 17. O-O-O Be6 18. Qa5 Rc8 19. Rd2 Be7 20. f5 Bc4 21. Qe5
f6 22. gxf6 gxf6 23. Qf4 Bxa2 24. Bh5+ Bf7 25. Qg4 1/2-1/2

[Event "7th Sharjah Masters 2024"]
[Site "Sharjah UAE"]
[Date "2024.05.15"]
[Round "2.13"]
[White "Sarana, Alexey"]
[Black "Gurel, Ediz"]
[Result "1-0"]
[WhiteTitle "GM"]
[BlackTitle "GM"]
[WhiteElo "2706"]
[BlackElo "2578"]
[WhiteFideId "24133795"]
[BlackFideId "44507356"]
[EventDate "2024.05.14"]

1. d4 Nf6 2. c4 e6 3. Nc3 Bb4 4. e3 O-O 5. Bd2 d5 6. a3 Be7 7. Nf3 b6 8. cxd5
exd5 9. g3 c5 10. Bg2 Nc6 11. O-O Be6 12. Ne2 Ne4 13. Bc3 Qd7 14. Nf4 Rfd8 15.
dxc5 Nxc3 16. bxc3 bxc5 17. Qa4 Bf6 18. Rac1 Rac8 19. Rfd1 Ne7 20. Qa5 Bf5 21.
Ne1 d4 22. cxd4 cxd4 23. e4 Bg4 24. f3 Be6 25. Nxe6 Qxe6 26. f4 g5 27. fxg5 Bg7
28. Nd3 Ng6 29. Rc5 Bf8 30. Rf5 Qb3 31. Rff1 Qxa3 32. Qf5 Qb3 33. e5 Bg7 34. Be4
Qe6 35. Qxe6 fxe6 36. Bxg6 hxg6 37. Ra1 Rc3 38. Rfd1 Rd7 39. Ra6 Re7 40. Rd2 Kh7
41. Kg2 Rb3 42. Ra5 Rb6 43. Kf3 Rf7+ 44. Ke4 Rb1 45. Rda2 Rh1 46. Ra6 Re7 47.
Rxa7 Rxa7 48. Rxa7 Rxh2 49. Nf4 Kh8 50. Nxg6+ Kg8 51. Nf4 Rh1 52. Nxe6 Re1+ 53.
Kd5 d3 54. g6 Rxe5+ 55. Kd6 Rxe6+ 56. Kxe6 Bc3 57. Rd7 d2 58. Kf5 Bb4 59. g7 Kh7
60. Ke4 1-0

[Event "7th Sharjah Masters 2024"]
[Site "Sharjah UAE"]
[Date "2024.05.15"]
[Round "2.15"]
[White "Esipenko, Andrey"]
[Black "Daneshvar, Bardiya"]
[Result "0-1"]
[WhiteTitle "GM"]
[BlackTitle "GM"]
[WhiteElo "2704"]
[BlackElo "2582"]
[WhiteFideId "24175439"]
[BlackFideId "12576468"]
[EventDate "2024.05.14"]

1. e4 c6 2. d4 d5 3. e5 c5 4. Nf3 cxd4 5. Qxd4 Nc6 6. Qf4 e6 7. Nc3 Nb4 8. Bd3
Nxd3+ 9. cxd3 Ne7 10. h4 Ng6 11. Qg3 h5 12. Bg5 Qb6 13. O-O Bd7 14. Rfc1 Rc8 15.
d4 Bc6 16. Rc2 Qa6 17. Nd1 Qd3 18. Rac1 a6 19. a3 Qe4 20. Ne3 Be7 21. Bxe7 Kxe7
22. Qg5+ f6 23. Qg3 Kf7 24. Rc3 Qf4 25. Qxf4 Nxf4 26. R1c2 Ke7 27. g3 Ng6 28.
exf6+ gxf6 29. Ne1 Kd6 30. f3 Ne7 31. Kf2 e5 32. Rd2 Ba4 33. Rxc8 Rxc8 34. g4
hxg4 35. fxg4 Ke6 36. h5 Rg8 37. Nf3 Be8 38. Rd1 Bf7 39. Re1 Nc6 40. Rd1 Nxd4
41. Nxd4+ exd4 42. Rxd4 Ke5 43. Nf5 Be6 44. Rb4 Bxf5 45. gxf5 Rh8 46. Rxb7 Rxh5
47. b4 Rh2+ 48. Ke1 Ra2 49. Ra7 Rxa3 50. b5 a5 51. Kd2 a4 52. b6 Rb3 53. Rxa4
Rxb6 54. Ra5 Rb3 55. Ke2 Ke4 56. Kd2 d4 57. Ra6 Kxf5 58. Ra8 Kf4 59. Rd8 d3 60.
Rd4+ Kf3 61. Rd5 Ke4 62. Rd8 f5 63. Re8+ Kf3 64. Rf8 f4 65. Rf7 Kg3 66. Rf8 Ra3
67. Rf7 f3 68. Ke3 Kg2 69. Kd2 f2 70. Rg7+ Kf1 71. Rg8 Ra2+ 72. Kd1 Re2 73. Rg7
Re3 74. Kd2 Rh3 75. Rg8 Rh2 76. Rg3 Rg2 77. Kc3 0-1

[Event "7th Sharjah Masters 2024"]
[Site "Sharjah UAE"]
[Date "2024.05.15"]
[Round "2.17"]
[White "Kadric, Denis"]
[Black "Narayanan, S.L."]
[Result "1/2-1/2"]
[WhiteTitle "GM"]
[BlackTitle "GM"]
[WhiteElo "2558"]
[BlackElo "2695"]
[WhiteFideId "14403803"]
[BlackFideId "5058422"]
[EventDate "2024.05.14"]

1. e4 e5 2. Nf3 Nc6 3. Bc4 Bc5 4. c3 Nf6 5. d3 d6 6. b4 Bb6 7. a4 a5 8. b5 Ne7
9. O-O O-O 10. Nbd2 Ng6 11. d4 Bg4 12. Qc2 exd4 13. cxd4 d5 14. exd5 Nxd5 15.
Qb3 Be6 16. Ba3 Re8 17. Rae1 h6 18. Re4 c6 19. Rfe1 Bc7 20. g3 Bd6 21. Bc5 Nf8
22. Qa3 Bxc5 23. dxc5 Nf6 24. R4e3 Qd7 25. Bxe6 Rxe6 26. Nc4 Rxe3 27. Rxe3 Nd5
28. Rd3 Qe7 29. Nd6 1/2-1/2

[Event "7th Sharjah Masters 2024"]
[Site "Sharjah UAE"]
[Date "2024.05.15"]
[Round "2.18"]
[White "Sanal, Vahap"]
[Black "Sjugirov, Sanan"]
[Result "1/2-1/2"]
[WhiteTitle "GM"]
[BlackTitle "GM"]
[WhiteElo "2566"]
[BlackElo "2692"]
[WhiteFideId "6300545"]
[BlackFideId "4189302"]
[EventDate "2024.05.14"]

1. e4 c5 2. Nf3 d6 3. Bb5+ Nd7 4. c3 Nf6 5. Qe2 a6 6. Ba4 e6 7. Bc2 b5 8. d4 Bb7
9. O-O Be7 10. Re1 O-O 11. Nbd2 Qc7 12. Nf1 Rfc8 13. Bd3 e5 14. d5 c4 15. Bc2 a5
16. Ng3 g6 17. h3 Nc5 18. Nh2 b4 19. Be3 Nd3 20. Bxd3 cxd3 21. Qxd3 Ba6 22. Qd1
bxc3 23. bxc3 Qxc3 24. Ng4 Nxg4 25. Qxg4 Qc7 26. Rac1 Qd8 27. Nf5 Bf8 28. Nh6+
Kg7 29. Qf3 f6 30. h4 Rxc1 31. Rxc1 Rc8 32. Rb1 Rb8 33. Rc1 Rc8 34. Rb1 Rb8 35.
Rxb8 Qxb8 36. Kh2 Be7 37. g4 Qb4 38. a3 Qa4 39. Bd2 Qc2 40. Qe3 Qc5 41. g5 Qxe3
42. Bxe3 Bd3 43. f3 f5 44. exf5 gxf5 45. f4 Kg6 46. Bb6 exf4 47. Bxa5 Bc4 48.
Ng8 Bf8 49. Nf6 Bg7 50. Bd2 Bxf6 51. gxf6 Kxf6 52. Bxf4 Ke7 53. Kg3 Bxd5 54. h5
Ke6 55. a4 Bc4 56. Kf2 Kd5 57. Ke3 Ba6 58. Bg5 Kc4 59. a5 d5 60. Bf6 Bb7 61. Kf4
d4 62. Kxf5 d3 1/2-1/2

[Event "7th Sharjah Masters 2024"]
[Site "Sharjah UAE"]
[Date "2024.05.15"]
[Round "2.19"]
[White "Can, Emre"]
[Black "Sindarov, Javokhir"]
[Result "0-1"]
[WhiteTitle "GM"]
[BlackTitle "GM"]
[WhiteElo "2549"]
[BlackElo "2684"]
[WhiteFideId "6302181"]
[BlackFideId "14205483"]
[EventDate "2024.05.14"]

1. e4 e5 2. Nf3 Nc6 3. Bb5 a6 4. Ba4 Nf6 5. O-O Be7 6. d3 b5 7. Bb3 d6 8. c3 O-O
9. h3 h6 10. Re1 Re8 11. a4 Rb8 12. axb5 axb5 13. d4 exd4 14. cxd4 d5 15. exd5
Nxd5 16. Nc3 Nxc3 17. bxc3 Bd6 18. Rxe8+ Qxe8 19. Qd3 Ne7 20. Ne5 Bxe5 21. dxe5
Be6 22. Bxe6 fxe6 23. Ra6 Qc8 24. Ra1 Qe8 25. Ra6 Qc8 26. Ra1 c5 27. Be3 b4 28.
c4 Nf5 29. Rb1 Qc6 30. f3 Nxe3 31. Qxe3 Rd8 32. Ra1 Rd4 33. Qe2 Qb6 34. Rb1 Qa6
35. Rc1 Qa3 36. Qe1 Qd3 37. Ra1 Rxc4 38. Rd1 Qg6 39. Qe3 Kh7 40. h4 Rc3 41. Qf4
Rc2 42. g4 Ra2 0-1

[Event "7th Sharjah Masters 2024"]
[Site "Sharjah UAE"]
[Date "2024.05.15"]
[Round "2.21"]
[White "Horvath, Dominik"]
[Black "Martirosyan, Haik M."]
[Result "1/2-1/2"]
[WhiteTitle "IM"]
[BlackTitle "GM"]
[WhiteElo "2554"]
[BlackElo "2679"]
[WhiteFideId "1642561"]
[BlackFideId "13306553"]
[EventDate "2024.05.14"]

1. e4 e5 2. Nf3 Nc6 3. Bb5 Nf6 4. O-O Nxe4 5. Re1 Nd6 6. Nxe5 Be7 7. Bf1 Nxe5 8.
Rxe5 O-O 9. Nc3 Ne8 10. d4 Bf6 11. Re1 d5 12. b3 c6 13. Ba3 Nd6 14. Qf3 Nf5 15.
Bxf8 Nxd4 16. Qxf6 gxf6 17. Be7 Qd7 18. Rad1 Qg4 19. Rd3 Nf5 20. Ne4 dxe4 21.
Rd8+ Kg7 22. Bf8+ Kg6 23. Ba3 Kg7 24. Bf8+ Kg6 25. Ba3 Kg7 1/2-1/2

[Event "7th Sharjah Masters 2024"]
[Site "Sharjah UAE"]
[Date "2024.05.15"]
[Round "2.22"]
[White "Shankland, Sam"]
[Black "Sivuk, Vitaly"]
[Result "1-0"]
[WhiteTitle "GM"]
[BlackTitle "GM"]
[WhiteElo "2671"]
[BlackElo "2544"]
[WhiteFideId "2004887"]
[BlackFideId "14116502"]
[EventDate "2024.05.14"]

1. Nf3 d5 2. g3 Nf6 3. Bg2 e6 4. O-O Be7 5. d3 O-O 6. Nbd2 Nc6 7. d4 a5 8. c4 b6
9. b3 Bb7 10. Bb2 a4 11. cxd5 exd5 12. bxa4 Bd6 13. Nb1 Ne4 14. Nfd2 Nxd2 15.
Nxd2 Bb4 16. Nb1 Na5 17. Bc3 Qe7 18. Qc2 Bd6 19. e3 Qd7 20. Bxa5 Rxa5 21. Nc3
Rfa8 22. Qb3 Bf8 23. Rfc1 Rd8 24. Rab1 Ba8 25. Qd1 Ra6 26. Qe2 Ra5 27. Rb5 c5
28. Rxb6 cxd4 29. exd4 Rc8 30. Qb2 Ra7 31. Nb5 Rxa4 32. Rxc8 Qxc8 33. Nc3 Ra3
34. Nxd5 Rd3 35. Ne7+ Bxe7 36. Rb8 Rd1+ 37. Bf1 Qf8 38. Rxf8+ Bxf8 39. f4 Bd5
40. Kf2 g6 41. Bg2 Bxg2 42. Kxg2 Bg7 43. Qb8+ Bf8 44. Qa7 Rd2+ 45. Kf1 Kg7 46.
a4 Bb4 47. Qb8 Be7 48. Qb7 Bf6 49. d5 Ra2 50. Qc6 h5 51. d6 Rxh2 52. d7 Rd2 53.
a5 h4 54. gxh4 Rd4 55. a6 Rxf4+ 56. Ke2 1-0

[Event "7th Sharjah Masters 2024"]
[Site "Sharjah UAE"]
[Date "2024.05.15"]
[Round "2.23"]
[White "Yakubboev, Nodirbek"]
[Black "Erdos, Viktor"]
[Result "1-0"]
[WhiteTitle "GM"]
[BlackTitle "GM"]
[WhiteElo "2665"]
[BlackElo "2546"]
[WhiteFideId "14203987"]
[BlackFideId "719978"]
[EventDate "2024.05.14"]

1. d4 Nf6 2. Nf3 d5 3. c4 e6 4. Nc3 Nbd7 5. Bf4 dxc4 6. e3 b5 7. Nxb5 Bb4+ 8.
Nd2 Nd5 9. Bg3 N7b6 10. a3 Ba5 11. Rc1 O-O 12. Nc3 Rb8 13. Bxc4 Bxc3 14. bxc3
Nxc4 15. Nxc4 Ba6 16. Ne5 Qe8 17. c4 Nb6 18. O-O f6 19. Nd3 Nxc4 20. Re1 Nb2 21.
Nxb2 Rxb2 22. Rxc7 Rf7 23. Rc5 Rfb7 24. h4 h6 25. Kh2 Qg6 26. Qf3 Bd3 27. e4 Bb1
28. h5 Qf7 29. d5 R2b5 30. Rc6 f5 31. dxe6 Qe8 32. exf5 Rxf5 33. Qc3 Kh7 34. Rc8
Qxh5+ 35. Kg1 Ba2 36. e7 Bf7 37. e8=Q Bxe8 38. Rcxe8 1-0

[Event "7th Sharjah Masters 2024"]
[Site "Sharjah UAE"]
[Date "2024.05.15"]
[Round "2.25"]
[White "Ter-Sahakyan, Samvel"]
[Black "Nikitenko, Mihail"]
[Result "1-0"]
[WhiteTitle "GM"]
[BlackTitle "GM"]
[WhiteElo "2652"]
[BlackElo "2529"]
[WhiteFideId "13302531"]
[BlackFideId "13506862"]
[EventDate "2024.05.14"]

1. d4 e6 2. c4 Nf6 3. Nf3 d5 4. g3 Be7 5. Bg2 O-O 6. O-O c6 7. Nc3 Nbd7 8. Qd3
b6 9. e4 Ba6 10. b3 Rc8 11. Rd1 c5 12. exd5 exd5 13. Nb5 cxd4 14. Nfxd4 Nc5 15.
Qc2 Qd7 16. Bb2 Nce4 17. Nc3 Nxc3 18. Bxc3 Qc7 19. Nf5 dxc4 20. Qd2 Kh8 21. Nxe7
Qxe7 22. Bb4 Qe8 23. Bxf8 Qxf8 24. Rac1 h6 25. Qd6 Qxd6 26. Rxd6 cxb3 27. Rxc8+
Bxc8 28. axb3 Be6 29. b4 g6 30. b5 Kg7 31. Rd4 Kf8 32. Bc6 Ke7 33. Ra4 Kd6 34.
Rxa7 h5 35. f3 g5 36. h4 gxh4 37. gxh4 Ng8 38. Kf2 Nh6 39. Be8 Bd5 40. Bd7 Kc5
41. Ke3 f6 42. Kf4 Nf7 43. Be8 Ne5 44. Bxh5 Kxb5 45. Be8+ 1-0

[Event "7th Sharjah Masters 2024"]
[Site "Sharjah UAE"]
[Date "2024.05.15"]
[Round "2.26"]
[White "Sargsyan, Shant"]
[Black "Sankalp, Gupta"]
[Result "0-1"]
[WhiteTitle "GM"]
[BlackTitle "GM"]
[WhiteElo "2637"]
[BlackElo "2532"]
[WhiteFideId "13306766"]
[BlackFideId "5097010"]
[EventDate "2024.05.14"]

1. e4 e5 2. Nf3 Nf6 3. Nxe5 d6 4. Nf3 Nxe4 5. c4 Be7 6. d4 O-O 7. Bd3 Ng5 8.
Nxg5 Bxg5 9. Qh5 Re8+ 10. Kd1 Bxc1 11. Qxh7+ Kf8 12. Kxc1 Qg5+ 13. Nd2 Nc6 14.
f4 Qxf4 15. Qh8+ Ke7 16. Qxg7 Qxd4 17. Qxd4 Nxd4 18. Nb3 Nc6 19. Kd2 Be6 20.
Rae1 Rh8 21. Kc3 Rag8 22. Be4 Rg4 23. Nd2 Ne5 24. b3 b6 25. g3 f5 26. Bf3 Rg7
27. Re2 Rgh7 28. Bd5 Bxd5 29. cxd5 Rh3 30. Rf1 Rxh2 31. Rxh2 Rxh2 32. Rxf5 Re2
33. Rg5 Rxd2 34. Rxe5+ dxe5 35. Kxd2 Kd6 36. b4 a6 37. a4 Kxd5 38. b5 axb5 39.
axb5 c5 40. bxc6 Kxc6 41. g4 Kd5 42. Kd3 b5 43. g5 Ke6 44. Ke4 b4 0-1

[Event "7th Sharjah Masters 2024"]
[Site "Sharjah UAE"]
[Date "2024.05.15"]
[Round "2.28"]
[White "Siddharth, Jagadeesh"]
[Black "Banusz, Tamas"]
[Result "1-0"]
[WhiteTitle "IM"]
[BlackTitle "GM"]
[WhiteElo "2512"]
[BlackElo "2623"]
[WhiteFideId "5818320"]
[BlackFideId "722413"]
[EventDate "2024.05.14"]

1. e4 e5 2. Nf3 Nc6 3. Bc4 Nf6 4. d3 Bc5 5. Bg5 d6 6. c3 h6 7. Bh4 a5 8. O-O Bd7
9. Re1 Ba7 10. d4 g5 11. Bg3 Qe7 12. Na3 O-O-O 13. Bd5 Nh5 14. Nc4 Nxg3 15. hxg3
g4 16. Nh4 exd4 17. Bxc6 bxc6 18. Qa4 d5 19. Qxa5 Qc5 20. Qa6+ Kb8 21. Ne5 dxc3
22. bxc3 Bb6 23. Kh2 Rhe8 24. exd5 Qxd5 25. c4 Qxe5 26. Rxe5 Rxe5 27. Rb1 1-0

[Event "7th Sharjah Masters 2024"]
[Site "Sharjah UAE"]
[Date "2024.05.15"]
[Round "2.30"]
[White "Zemlyanskii, Ivan"]
[Black "Gledura, Benjamin"]
[Result "1/2-1/2"]
[WhiteTitle "FM"]
[BlackTitle "GM"]
[WhiteElo "2516"]
[BlackElo "2619"]
[WhiteFideId "24249971"]
[BlackFideId "712779"]
[EventDate "2024.05.14"]

1. e4 c5 2. Nf3 d6 3. d4 cxd4 4. Nxd4 Nf6 5. Nc3 a6 6. Bg5 e6 7. Qf3 Nbd7 8.
O-O-O Qc7 9. Bd3 h6 10. Bh4 Be7 11. Rhe1 Ne5 12. Qe2 g5 13. Bg3 b5 14. a3 Rb8
15. h4 Bd7 16. hxg5 hxg5 17. Rh1 Rg8 18. f3 Rc8 19. Nb3 Bc6 20. Kb1 Nfd7 21. Rh6
Ba8 22. a4 bxa4 23. Nxa4 Nc4 24. Rdh1 Qc6 25. Rh8 Rf8 26. Nc3 Nde5 27. Bxe5 dxe5
28. Bxc4 Qxc4 29. Rxf8+ Bxf8 30. Qd2 f6 31. Rd1 Qc7 32. Qd3 Qa7 33. Na5 Kf7 34.
Qd7+ Qxd7 35. Rxd7+ Kg6 36. Ra7 Bb4 37. Rxa6 Bxc3 38. bxc3 g4 39. c4 Re8 40. c5
gxf3 41. gxf3 f5 42. c6 Rc8 43. Nc4 Kg5 44. Nxe5 fxe4 45. fxe4 Kf4 46. Ng6+ Kxe4
47. Ra4+ Ke3 48. c7 Be4 49. Ra3+ Kd2 50. Nf4 Rxc7 51. Nxe6 Rb7+ 52. Ka1 Kc1 53.
Nd4 Rb1+ 54. Ka2 Rb2+ 55. Ka1 Rb1+ 56. Ka2 Rb2+ 57. Ka1 Rb4 58. Ne2+ Kd2 59. Nc3
Bxc2 60. Ka2 Rb7 61. Nd5 Bd3 62. Rc3 Rb5 63. Nc7 Rb4 64. Ka3 Rb7 65. Nd5 Rb5 66.
Nc7 Rb1 67. Rb3 Rc1 68. Nd5 Bc4 69. Rb2+ Kd3 70. Nb4+ Kd4 71. Rd2+ Kc3 72. Rc2+
Rxc2 73. Nxc2 Kxc2 1/2-1/2

[Event "7th Sharjah Masters 2024"]
[Site "Sharjah UAE"]
[Date "2024.05.15"]
[Round "2.31"]
[White "Maurizzi, Marc'Andria"]
[Black "Dronavalli, Harika"]
[Result "1-0"]
[WhiteTitle "GM"]
[BlackTitle "GM"]
[WhiteElo "2618"]
[BlackElo "2504"]
[WhiteFideId "36083534"]
[BlackFideId "5015197"]
[EventDate "2024.05.14"]

1. e4 e5 2. Nf3 Nc6 3. Bb5 a6 4. Ba4 Nf6 5. O-O Nxe4 6. d4 b5 7. Bb3 d5 8. dxe5
Be6 9. c3 Be7 10. Bc2 Bg4 11. Qe1 Nc5 12. Nbd2 Ne6 13. Nb3 Bxf3 14. gxf3 Bg5 15.
Kh1 Bxc1 16. Nxc1 Qh4 17. Nd3 Rd8 18. Rg1 Ne7 19. Rg4 Qh5 20. Qe2 c5 21. b4 c4
22. Nc5 Nxc5 23. bxc5 Qh6 24. Rag1 g6 25. f4 Qf8 26. a4 Nc6 27. axb5 axb5 28. f5
d4 29. e6 d3 30. exf7+ Kd7 31. Bxd3 cxd3 32. Qxd3+ Kc7 33. Qxb5 Rb8 34. Qc4 Qe7
35. Re4 Qd7 36. Re6 Rbd8 37. Qf4+ Kc8 38. Qe4 Nb8 39. c6 Qxf7 40. Rb1 gxf5 41.
Qe5 Qc7 42. Qxf5 Nd7 43. cxd7+ Rxd7 44. Reb6 Rd8 45. R6b5 Qc6+ 46. f3 Kc7 47.
Qe5+ Rd6 48. Rc5 1-0

[Event "7th Sharjah Masters 2024"]
[Site "Sharjah UAE"]
[Date "2024.05.15"]
[Round "2.32"]
[White "Cardoso Cardoso, Jose Gabriel"]
[Black "Yuffa, Daniil"]
[Result "0-1"]
[WhiteTitle "GM"]
[BlackTitle "GM"]
[WhiteElo "2497"]
[BlackElo "2617"]
[WhiteFideId "4430492"]
[BlackFideId "24131423"]
[EventDate "2024.05.14"]

1. e4 c5 2. Nf3 Nc6 3. d4 cxd4 4. Nxd4 Nf6 5. Nc3 e5 6. Ndb5 d6 7. Nd5 Nxd5 8.
exd5 Ne7 9. c4 Nf5 10. Bd3 g6 11. O-O a6 12. Nc3 Bg7 13. a4 O-O 14. a5 b5 15.
axb6 Qxb6 16. Ne4 Nd4 17. b4 f5 18. c5 dxc5 19. bxc5 Qa7 20. Nd6 Qxc5 21. Ba3
Qc3 22. Nxc8 Rfxc8 23. Be7 a5 24. d6 Bf8 25. Bb5 Kg7 26. Ba4 Qc5 27. Re1 Rab8
28. Bd7 Rd8 29. Rc1 Qd5 30. Bc6 Qb3 31. Qxb3 Nxb3 32. Bxd8 Rxd8 33. Rc3 Nd4 34.
Rxe5 Bxd6 35. Ree3 Bb4 36. Rcd3 Nxc6 0-1

[Event "7th Sharjah Masters 2024"]
[Site "Sharjah UAE"]
[Date "2024.05.15"]
[Round "2.34"]
[White "Assaubayeva, Bibisara"]
[Black "Aditya, Mittal"]
[Result "0-1"]
[WhiteTitle "IM"]
[BlackTitle "GM"]
[WhiteElo "2481"]
[BlackElo "2608"]
[WhiteFideId "13708694"]
[BlackFideId "35042025"]
[EventDate "2024.05.14"]

1. d4 Nf6 2. c4 e6 3. Nf3 d5 4. Bg5 dxc4 5. e4 b5 6. a4 c6 7. Nc3 b4 8. Nb1 Ba6
9. Qc1 c3 10. bxc3 Bxf1 11. Kxf1 Nbd7 12. Nbd2 c5 13. dxc5 bxc3 14. Qxc3 Nxc5
15. Bxf6 gxf6 16. g3 Rc8 17. Rc1 Bh6 18. Kg2 O-O 19. Rc2 Nd3 20. Nc4 a5 21. Qa1
Qe7 22. Rc3 Rfd8 23. Rd1 Nb4 24. Nd4 f5 25. Nxa5 Bg7 26. Qc1 Qe8 27. Rxc8 Rxc8
28. Qa3 Bxd4 29. Qxb4 Bc3 30. Qb6 Kg7 31. Nb3 Qxa4 32. exf5 Qe4+ 33. Kg1 Qxf5
34. Qe3 Bf6 35. Nd4 Qd5 36. Qf3 Rd8 37. Nxe6+ Qxe6 38. Rxd8 Bxd8 39. Kg2 f5 40.
Qc3+ Bf6 41. Qc7+ Kg6 42. Qb8 Bd4 43. Kf1 Qc4+ 44. Kg2 Qe6 45. Kf1 Bc5 46. Qb5
Qd5 47. Qe8+ Kh6 48. Kg1 Qe4 49. Qxe4 fxe4 50. Kf1 Kg5 0-1